000 00875cam a2200313 a 4500
001 45181
003 BD-RjUL
005 20211209053956.0
008 160724s1982 ilu b 000 0 eng
020 _a0256027420
035 _a(BD-RjUL)45299
035 _a309861
040 _aLC
_beng
_cLC
_dABN:1
041 _aeng
082 0 4 _a150.19
_219
082 0 4 _a150.19
_bTAH 1982
100 1 _aTageson, C. William.
_9138406
245 1 0 _aHumanistic psychology :
_ba synthesis /
_cC. William Tageson.
260 _aHomewood, Ill. :
_bDorsey Press,
_c1982.
300 _axv, 286 p. ;
_c25 cm.
490 0 _aThe Dorsey series in psychology
500 _aIncludes index.
504 _aBibliography: p. 259-276.
505 0 _aIncludes index.
650 0 _aHumanistic psychology.
_9138407
942 _2ddc
_cBK
999 _c45181
_d45181